[Event "ISL-chT1 1819"]
[Site "Reykjavik"]
[Date "2019.02.28"]
[Round "6.2"]
[White "Johannsson, Orn Leo"]
[Black "Johannesson, Gisli Holmar"]
[Result "1-0"]
[WhiteElo "2211"]
[BlackElo "2015"]
[PlyCount "37"]
[EventDate "2018.11.08"]
[EventType "team-tourn"]
[EventRounds "9"]
[EventCountry "ISL"]
[SourceTitle "CBM 189 Extra"]
[Source "ChessBase"]
[SourceDate "2019.06.03"]
[SourceVersion "1"]
[SourceVersionDate "2019.06.03"]
[SourceQuality "1"]
[WhiteTeam "Breidjablik Bolungavik"]
[BlackTeam "Skakfelagidj Huginn II"]
[WhiteTeamCountry "ISL"]
[BlackTeamCountry "ISL"]

1. e4 c6 2. d4 d5 3. Nc3 dxe4 4. Nxe4 Bf5 5. Ng3 Bg6 6. h4 h6 7. N1e2 Nf6 8. Nf4 Bh7 9. Bc4 e6 10. 0-0 Bd6 11. Re1 0-0 12. Ngh5 Nbd7 13. Nxe6 fxe6 14. Rxe6 Kh8 15. Rxd6 Ne4 16. Qg4 g5 17. Rxd7 Qe8 18. Rxh7+ Kxh7 19. Bd3 1-0

[Event "ISL-chT2 1718"]
[Site "Reykjavik"]
[Date "2018.03.02"]
[Round "5.4"]
[White "Nieves, Kamalakanta Ivan"]
[Black "Johannesson, Gisli Holmar"]
[Result "1-0"]
[WhiteElo "2166"]
[BlackElo "2029"]
[PlyCount "65"]
[EventDate "2017.10.20"]
[EventType "team-tourn"]
[EventRounds "7"]
[EventCountry "ISL"]
[SourceTitle "EXT 2019"]
[Source "ChessBase"]
[SourceDate "2018.10.10"]
[SourceVersion "1"]
[SourceVersionDate "2018.10.10"]
[SourceQuality "1"]
[WhiteTeam "Reykjavik II"]
[BlackTeam "Huginn"]
[WhiteTeamCountry "ISL"]
[BlackTeamCountry "ISL"]

1. e4 c6 2. d4 d5 3. Nc3 dxe4 4. Nxe4 Bf5 5. Ng3 Bg6 6. Nf3 Nd7 7. h4 h6 8. h5 Bh7 9. Bd3 Ngf6 10. Bxh7 Nxh7 11. Qe2 e6 12. Bd2 Be7 13. 0-0-0 0-0 14. Kb1 Nhf6 15. Ne5 Nxe5 16. dxe5 Nd7 17. f4 Qc7 18. Rde1 Rfe8 19. Ne4 b5 20. g4 Kh8 21. Reg1 Rg8 22. g5 b4 23. Rg2 c5 24. Rhg1 c4 25. Nf2 c3 26. Bc1 a5 27. gxh6 gxh6 28. Ng4 Bf8 29. Nf6 Bg7 30. Rxg7 Rxg7 31. Rxg7 Kxg7 32. Qg2+ Kf8 33. Qxa8+ 1-0

[Event "ISL-chT 1718"]
[Site "Reykjavik"]
[Date "2017.10.20"]
[Round "2.4"]
[White "Edvardsson, Kristjan"]
[Black "Johannesson, Gisli Holmar"]
[Result "0-1"]
[WhiteElo "2206"]
[BlackElo "2003"]
[PlyCount "84"]
[EventDate "2017.10.19"]
[EventType "team-tourn"]
[EventRounds "9"]
[EventCountry "ISL"]
[SourceTitle "CBM 181 Extra"]
[Source "ChessBase"]
[SourceDate "2017.12.12"]
[SourceVersion "1"]
[SourceVersionDate "2017.12.12"]
[SourceQuality "1"]
[WhiteTeam "Huginn"]
[BlackTeam "Huginn II"]
[WhiteTeamCountry "ISL"]
[BlackTeamCountry "ISL"]

1. d4 d5 2. c4 c6 3. Nf3 Nd7 4. g3 Ngf6 5. Bg2 e6 6. 0-0 Be7 7. Qc2 Ne4 8. Nbd2 Ndf6 9. Ne5 Nxd2 10. Bxd2 0-0 11. Rad1 Nd7 12. Nd3 Bf6 13. Bb4 Re8 14. e3 a5 15. Be1 b5 16. cxd5 cxd5 17. e4 dxe4 18. Bxe4 Ra7 19. Ne5 Bxe5 20. dxe5 b4 21. Bxh7+ Kh8 22. Rd4 Qc7 23. Rc4 Qxe5 24. Rxc8 Rxc8 25. Qxc8+ Kxh7 26. Bd2 Rc7 27. Qd8 Rb7 28. Bf4 Qd5 29. Qh4+ Kg8 30. Rc1 Nf8 31. Rc8 Rd7 32. Bg5 f6 33. Be3 Qf3 34. Rc1 Rd1+ 35. Rxd1 Qxd1+ 36. Kg2 Qd5+ 37. Kh3 Qxa2 38. Qd4 Qd5 39. Qxd5 exd5 40. b3 Ne6 41. f4 d4 42. Bf2 a4 0-1

[Event "Reykjavik Hellir CC-ch"]
[Site "Reykjavik"]
[Date "2008.02.??"]
[Round "4"]
[White "Gretarsson, Hjorvar Steinn"]
[Black "Johannesson, Gisli Holmar"]
[Result "0-1"]
[WhiteElo "2247"]
[BlackElo "2048"]
[PlyCount "66"]
[EventDate "2008.02.??"]
[EventType "swiss"]
[EventRounds "7"]
[EventCountry "ISL"]
[SourceTitle "EXT 2010"]
[Source "ChessBase"]
[SourceDate "2010.11.25"]
[SourceVersion "1"]
[SourceVersionDate "2010.11.25"]
[SourceQuality "1"]

1. c4 Nf6 2. Nc3 g6 3. e4 e5 4. Nf3 Nc6 5. d4 exd4 6. Nxd4 Nxd4 7. Qxd4 Bg7 8. Qd3 0-0 9. f3 c6 10. c5 Nh5 11. Be3 Qc7 12. 0-0-0 Nf4 13. Qd2 Ne6 14. f4 Qa5 15. e5 Nxc5 16. h4 d5 17. h5 Bf5 18. Bxc5 Qxc5 19. hxg6 hxg6 20. g4 Bxg4 21. Qh2 Rfd8 22. Rd2 d4 23. Qg1 b6 24. Qxg4 dxc3 25. Rxd8+ Rxd8 26. Bg2 cxb2+ 27. Kb1 Qd4 28. Qf3 c5 29. Bf1 c4 30. Be2 Qc5 31. Qc3 b5 32. a3 Rd4 33. Kxb2 Rxf4 0-1

[Event "Reykjavik Hellir CC-ch"]
[Site "Reykjavik"]
[Date "2008.02.??"]
[Round "1"]
[White "Johannesson, Gisli Holmar"]
[Black "Bjornsson, Sigurbjorn"]
[Result "0-1"]
[WhiteElo "2048"]
[BlackElo "2297"]
[PlyCount "122"]
[EventDate "2008.02.??"]
[EventType "swiss"]
[EventRounds "7"]
[EventCountry "ISL"]
[SourceTitle "EXT 2010"]
[Source "ChessBase"]
[SourceDate "2010.11.25"]
[SourceVersion "1"]
[SourceVersionDate "2010.11.25"]
[SourceQuality "1"]

1. Nf3 Nf6 2. g3 g6 3. Bg2 Bg7 4. 0-0 0-0 5. d3 d6 6. e4 e5 7. c3 h6 8. Nh4 Nc6 9. d4 exd4 10. cxd4 d5 11. e5 Ne4 12. Nc3 g5 13. Nf3 Bg4 14. Be3 Qd7 15. Qb3 Rfd8 16. Rac1 Na5 17. Qc2 Nxc3 18. Qxc3 Nc4 19. b3 Nxe3 20. Qxe3 c6 21. h4 f6 22. hxg5 hxg5 23. Rce1 Re8 24. Nh2 Bf5 25. f4 Rad8 26. fxg5 fxe5 27. Qf3 Rf8 28. dxe5 Rde8 29. Qh5 Qe6 30. Nf3 Bd3 31. Bh3 Qf7 32. Qxf7+ Rxf7 33. e6 Rfe7 34. Rf2 Be4 35. Nd2 Bd4 36. Nxe4 dxe4 37. Rxe4 Rd8 38. Ree2 Rf8 39. Kg2 Rxf2+ 40. Rxf2 Bxf2 41. Kxf2 Rg7 42. Kf3 Rxg5 43. Kf4 Rc5 44. Bf5 Kf8 45. g4 Ke7 46. Kg5 Rc1 47. Kg6 Ra1 48. a4 Ra3 49. Bc2 Kxe6 50. Bd3 Ke5 51. Bc4 Ra2 52. Kf7 Rg2 53. Be6 a5 54. Ke7 b5 55. axb5 cxb5 56. Bd7 Rg3 57. Bxb5 Rxg4 58. Kd7 Kd5 59. Kc7 Kc5 60. Bd3 Rg7+ 61. Kb8 Kb4 0-1

[Event "Reykjavik Hellir CC-ch"]
[Site "Reykjavik"]
[Date "2008.02.??"]
[Round "6"]
[White "Snorrason, Snorri"]
[Black "Johannesson, Gisli Holmar"]
[Result "0-1"]
[WhiteElo "1905"]
[BlackElo "2048"]
[PlyCount "102"]
[EventDate "2008.02.??"]
[EventType "swiss"]
[EventRounds "7"]
[EventCountry "ISL"]
[SourceTitle "EXT 2010"]
[Source "ChessBase"]
[SourceDate "2010.11.25"]
[SourceVersion "1"]
[SourceVersionDate "2010.11.25"]
[SourceQuality "1"]

1. d4 d5 2. Bf4 c5 3. e3 Nc6 4. c3 Nf6 5. Nd2 Bf5 6. Ngf3 Qb6 7. Qc1 e6 8. Nh4 Bg4 9. h3 Bh5 10. Bd3 c4 11. Bc2 Rc8 12. 0-0 h6 13. Nhf3 Ne7 14. Ne5 g5 15. Bh2 g4 16. Ba4+ Nc6 17. h4 Bg7 18. Qc2 0-0 19. Bxc6 bxc6 20. f3 Qd8 21. Bg3 Nd7 22. Nxg4 f5 23. Nh2 Bf6 24. Bf4 Bxh4 25. g4 Bg6 26. Kh1 Kh7 27. Qc1 Nf6 28. b3 fxg4 29. Nxg4 Nxg4 30. fxg4 Bg5 31. Qe1 Bd3 32. Rf3 Bh4 33. Qg1 Rg8 34. bxc4 Be2 35. Qh2 Bxf3+ 36. Nxf3 Rxg4 37. Rb1 Qe7 38. Qc2+ Kg8 39. Ne5 Rg7 40. c5 Bg3 41. Bxg3 Rxg3 42. Qh2 Qg5 43. Rg1 Rxg1+ 44. Qxg1 Qxg1+ 45. Kxg1 Kg7 46. Kg2 Kf6 47. Kf3 Kf5 48. c4 Rc7 49. a4 h5 50. Kf2 h4 51. cxd5 exd5 0-1